Auge y crisis de la argentina agroexportadora (1880-1930) /

Guardado en:
Autor Principal: Serrano, Gerardo
Otros Autores: Paura, Vilma
Formato: Libro
Publicado: Buenos Aires : Longseller, 2002
Series:Historia polimodal
Materias:
Etiquetas: Agregar Etiqueta
Sin Etiquetas, Sea el primero en etiquetar este registro!
LEADER 00831nam a22002415a 4500
001 CEM.cems013630
005 20120228113621.0
008 130507s2002##################000#0#####d
003 CEMS
020 |a 987968178X 
082 0 4 |a 982.05 
100 1 |a Serrano, Gerardo 
245 1 0 |a Auge y crisis de la argentina agroexportadora (1880-1930) /  |c Gerardo Serrano y Vilma Paura 
260 |a Buenos Aires :  |b Longseller,  |c 2002 
300 |a 97 p. 
490 0 |a Historia polimodal 
505 0 |a Apogeo y fractura del orden conservador -- El modelo liberal exportador -- La constitución de un campo cultural 
653 |a Historia 
653 |a Historia argentina 
653 |a Argentina agroexportadora 
653 |a Historia argentina-1880-1930 
700 1 |a Paura, Vilma 
859 |a CEMS  |b BIB. CEMS - 11 de abril  |h 982.05  |i Se683  |p 26275.12  |t Ej.1